000 01044nam a2200265 a 4500
003 BLK
005 20240814104708.0
008 200211b bu ||||| |||| 00| 0 bu d
020 _a9789547695382
040 _aBLK
041 _aBUL
_cBUL
080 _aИталианска литература
_b821.131.1
_x-31
_z821.131.1-31
100 _aАрдоне, Виола
_eпърви автор
_91299
139 _aАрдоне, Виола
_bА 82
245 _aОлива Денаро
_bРоман
_cВиола Ардоне ; прев. от итал. Вера Петрова.
260 _9209460
_aСофия
_bОбсидиан
_c2022
_fСофия : Инвестпрес
_n978-954-769- ; 954-8240-
300 _a311 с.
_c20 см
380 _aX
500 _aОриг. загл. Oliva Denaro / Viola Ardone.
700 _9342056
_aПетрова, Вера Върбанова
_eпрев. от итал.
765 _aIl treno del bambini
852 _aЦб 318175
_bЦб
942 _cKNG
_n0
_s1
_016
944 _k30531
_lЦветелина Шанова
999 _c474385
_d474385